000 01263cgm a2200301 4500
001 M91096
008 090401t1998 xxu||||| |||| 00| 0 eng d
035 _a(Sirsi) u85560
041 _aeng
110 _aTelevision Education Network
_93468
245 4 _aThe Chartered Surveyors` Channel : mixed option 2. - February 1998
260 _aLondon
_bTelevision Education Network
_c1998
300 _a1 videocassette (109 min.) : sd.
350 _a0
520 _a£10.00 CHARGE. NEWS REVIEW (13 mins) / PROFESSIONAL SERVICES. - Best value in local government (21 mins) / SPECIAL REPORT. - Development and archaeology post PPG16 (24 mins) / DEVELOPMENT AND FUNDING. - Development and funding techniques in the 1990s: a review (17 mins) / BUSINESS MANAGEMENT. - Understanding your corporate clients (20 mins) / PLANNING AND PROPERTY DEVELOPMENT LAW. - Mixed use development (14 mins)
650 _aARCHAEOLOGY
650 _aBEST VALUE
650 _aCHARTERED SURVEYORS CHANNEL
650 _aCLIENTS
650 _aLOCAL GOVERNMENT
650 _aMIXED-USE DEVELOPMENTS
650 _aPPG16
650 _aTEN VIDEOS
650 _aVIDEO CASSETTES
690 _aMANAGEMENT-BUSINESS MANAGEMENT-PROFESSIONAL PRACTICE
942 _n0
948 _c14/04/1998
999 _c85361
_d85361